=LDR 00000nam 2200000 4500 =001 INLIS000000000006285 =005 20251106104211 =035 ##$$a 0010-1125000159 =007 ta =008 251106###########################0#ind## =082 ##$$a 363.96 =084 ##$$a 363.96 BAD p =100 #$$a Badan Koordinasi Keluarga Berencana Nasional =245 1#$$a Pokok-Pokok Pikiran Tentang Kegiatan Penilaian Program Keluarga Berencana Nasional Untuk Masing-Masing Tingkat Dari Tingkat Desa, Kecamatan Sampai Dengan Propinsi /$c Badan Koordinasi Keluarga Berencana Nasional =260 ##$:$b Badan Koordinasi Keluarga Berencana Nasional =300 ##$$a 24 Hal : $b Ilus ; $c 21 =650 #4$$a Keluarga Berencana =856 ##$$a Perpustakaan Kemendukbangga